CLINICAL NEUROANATOMY (Record no. 14672)

MARC details
000 -LEADER
fixed length control field 00341nam a22001577a 4500
003 - CONTROL NUMBER IDENTIFIER
control field SGT
020 ## - INTERNATIONAL STANDARD BOOK NUMBER
International Standard Book Number 9780-7817-9427-5
082 ## - DEWEY DECIMAL CLASSIFICATION NUMBER
Classification number 611.8
Item number C17S
100 ## - MAIN ENTRY--PERSONAL NAME
Personal name SNELL, RICHARD.S.
245 ## - TITLE STATEMENT
Title CLINICAL NEUROANATOMY
250 ## - EDITION STATEMENT
Edition statement 7TH
260 ## - PUBLICATION, DISTRIBUTION, ETC. (IMPRINT)
Place of publication, distribution, etc NEW DELHI
Name of publisher, distributor, etc WOLTERS PUB
Year of Publication 2017
300 ## - PAGE DESCRIPTION
No. of Pages 542
650 ## - SUBJECT ADDED ENTRY--TOPICAL TERM
Topical term or geographic name as entry element AYURVEDA
942 ## - ADDED ENTRY ELEMENTS (KOHA)
Source of classification or shelving scheme Dewey Decimal Classification
Koha item type Books
942 ## - ADDED ENTRY ELEMENTS (KOHA)
-- 3
Holdings
Withdrawn status Lost status Source of classification or shelving scheme Damaged status Not for loan Collection code Home library Current library Shelving location Date acquired Vendor Name Cost, normal purchase price SGTU Bill Number Total Checkouts Full call number Accession No. (Barcode) Date last seen Date last borrowed Bill Date Koha item type
    Dewey Decimal Classification     AYURVEDA SGT FA-FP Library SGT FA-FP Library Text Book 24/01/2018 AHUJA PUB 1495.00 SGTU 9136 3 611.8 C17S FA7724 28/10/2024 28/10/2024 04/01/2018 Books
    Dewey Decimal Classification     AYURVEDA SGT FA-FP Library SGT FA-FP Library Text Book 24/01/2018 AHUJA PUB 1495.00 SGTU 9136   611.8 C17S FA7725 24/01/2018   04/01/2018 Books